| 000 | 00547nam a2200205 a 4500 | ||
|---|---|---|---|
| 005 | 20210219153426.0 | ||
| 008 | 991125n 000 0 eng u | ||
| 035 | _aUPN01000098080 | ||
| 100 | _aChatman, Alfreda A. | ||
| 222 | _aLIBRARY TRENDS | ||
| 245 | _aThe role of mentorship in shaping public library leaders | ||
| 300 | _a492-512 | ||
| 362 | _a1992 40, no. 3 | ||
| 653 | 0 | _aADMINISTRACION DE BIBLIOTECAS | |
| 653 | 0 | _aBIBLIOTECAS PUBLICAS | |
| 653 | 0 | _aLIDERAZGO | |
| 653 | 0 | _aMENTOR | |
| 904 |
_aAC _b035891 |
||
| 905 | _aArticulo | ||
| 999 |
_c76433 _d76433 |
||